Les Yvelines en images - Statistiques

Statistiques générales
  • Ce quiz a été pris 120 fois
  • Le résultat moyen est 8 sur 18
Statistiques - réponses
Par images Hint Réponse % Correct
Ville Versailles
96%
Fleuve Seine
90%
Journal (a une édition locale Yvelines) Le Parisien
86%
Entreprise Citroën
84%
Projet en cours Grand Paris
60%
Réunion de groupe Sommet du G6
48%
Politicienne Yaël Braun-Pivet
47%
Liqueur Grand Marnier
46%
Forêt Saint-Germain-en-Laye
44%
Parc naturel régional Haute vallée de Chevreuse
41%
Ville Mantes-la-Jolie
39%
Grande école HEC Paris
32%
Colline D'Elancourt
30%
Aérodrome militaire Vélizy-Villacoublay
27%
Château Monte-Cristo
22%
Sportive Cassandre Beaugrand
19%
Conflit Guerre de cent ans
18%
Hippodrome Maisons-Laffitte
17%
Aucun quiz correspondant
Distribution des résultats
% des personnes avec chaque résultat
Percentile par nombre de réponses
Votre historique - résultats
Vous n’avez pas pris ce quiz